Highest Goalscorers in the Champions League A-Z - Statistics

General Stats
  • This quiz has been taken 228 times
  • The average score is 18 of 26
Answer Stats
Letter Goals Years Nationality Answer % Correct
M 129 2004- Argentina Lionel Messi
99%
R 140 2003-2022 Portugal Cristiano Ronaldo
97%
L 111 2011- Poland Robert Lewandowski
97%
I 48 2002-'16, 2017-'18, 2021-'22 Sweden Zlatan Ibrahimović
96%
S 48 1994-'95, 1997-'01, 2002-'08, 2009-'10 Ukraine Andriy Shevchenko
92%
E 46 1961-'66, 1967-'70, 1971-'74 Portugal Eusébio
92%
B 90 2005- France Karim Benzema
92%
P 36 1956-'57, 1958-'66 Hungary Ferenc Puskás
91%
C 35 2011-'12, 2013-'22 Uruguay Edinson Cavani
90%
F 24 1997-2009 Portugal Luís Figo
90%
H 50 1997-'98, 1999-'10, 2011-'12 France Thierry Henry
88%
A 41 2008-'10, 2011-'22 Argentina Sergio Agüero
87%
K 30 2003-'08, 2009-'14 Brazil Kaká
86%
Z 14 1996-'99, 2000-'06 France Zinédine Zidane
85%
V 15 2012-2022 Chile Arturo Vidal
80%
D 49 1955-1964 Argentina Alfredo Di Stéfano
77%
G 30 2013- France Antoine Griezmann
75%
N 56 1998-'00, 2001-'10 Netherlands Ruud van Nistelrooy
72%
T 29 1997-'98, 2000-'06, 2008-'10 France David Trezeguet
67%
W 17 2017- Germany Timo Werner
57%
Q 6 2012-2014 Italy Fabio Quagliarella
56%
J 25 1996-2001 Brazil Mário Jardel
30%
O 13 1956-'57, 1962-'64 Turkey Metin Oktay
7%
X 2 1987-'88, 1989-'90 Cyprus Panikos Xiourouppas
6%
Y 13 1991-'92, 1995-'96, 2000-'01 Soviet Union / Russia Sergey Yuran
6%
U 4 1986-'87, 1990-'93 Turkey Feyyaz Uçar
3%
No matching quizzes found
Score Distribution
Percent of People with Each Score
Percentile by Number Answered
Your Score History
You have not taken this quiz